| 000 | 00599nam a22001817a 4500 | ||
|---|---|---|---|
| 999 |
_c192487 _d192487 |
||
| 005 | 20220923115522.0 | ||
| 010 | _aENG-135197 | ||
| 020 |
_a9780199468249 _c695.00 |
||
| 035 | _aEN-118729 | ||
| 037 | _bDBAD/PUB | ||
| 082 | _a297.72 | ||
| 100 | _aShiekh, Mona Kanwal | ||
| 245 |
_aGuardians of god : _bInside the religious mind of the pakistani taliban / _cby Mona Kanwal Shiekh |
||
| 260 |
_aNew Delhi _bOxford University Press _c2016 |
||
| 270 | _aYMCA Library Building, 1 Jai Singh Road, New Delhi-110001 | ||
| 300 |
_axxiv,212p _c23cm.(Hb) |
||
| 942 |
_2ddc _cEN _h297.72 _mSHE |
||